Irwin Law: Constitutional Law

Detalles Bibliográficos
Autor principal: Monahan, Patrick J.
Otros Autores: Shaw, Byron
Formato: eBook
Lenguaje:inglés
Publicado: Toronto: Irwin Law Inc., 2013
Edición:Cuarta Edicin̤
Materias:
Acceso en línea:Acceso restringido

MARC

LEADER 00000nam a22000007a 4500
005 20210909222418.0
007 cr|||| ||||
008 210909s2013 ca |||||s|||| 00||0 eng d
020 |a 978-1-55221-304-9 
035 |a 20649 
040 |a vLex 
090 |c 12380  |d 12380 
100 1 |a Monahan, Patrick J. 
245 1 0 |a Irwin Law: Constitutional Law  |h [Recurso electrn̤ico] /  |c Patrick J. Monahan, Byron Shaw 
250 |a Cuarta Edicin̤ 
256 |a Servicio en ln̕ea 
260 |a Toronto:  |b Irwin Law Inc.,  |c 2013 
300 |a 1 recurso electrn̤ico 
506 1 |a Disponible solo en los productos indicados  |d vLex Global  |d vLex Global (Academic Edition, excluding Law Schools)  |d vLex Global (U.S. Academic Edition, Law Schools)  |d vLex Global (U.S. Academic Edition, excluding Law Schools)  |d vLex Global (Academic Edition, Law Schools) 
650 0 4 |a Derecho Constitucional  |z Canad̀ 
700 1 |a Shaw, Byron 
740 0 |a vLex Libros (Servicio en ln̕ea) 
856 4 0 |u https://app.vlex.com/#/sources/20649  |z Acceso restringido 
942 |c BOOK 
999 0 |a Constitutional right